000 00669nam a2200205Ii 4500
003 JO-AjNU
008 230605s9999||||xx |||||||||||||| ||und||
017 _a3781/1973
040 _aJO-AjNU
_bara
_erda
_cJO-AjNU
041 _aara
050 1 4 _aPN81.H56 1973
100 3 _aتأليف هلال، محمد غنيمي,
_eauthor
_938868
245 0 0 _aالمواقف الأدبية
264 3 1 _aالقاهرة: دار نهضة مصر، 1973
300 _a130ص
336 _atext
_btxt
_2rdacontent
337 _aunmediated
_bn
_2rdamedia
338 _avolume
_bnc
_2rdacarrier
650 4 _aالأدب العربي - تاريخ ونقد - مواقف أدبية
_938869
999 _aA16367
_c19935
_d19935